Normal view
MARC view
- SAGHEER KHAN
Entry Personal Name
001 - CONTROL NUMBER
- control field: 69759
003 - CONTROL NUMBER IDENTIFIER
- control field: NUST
005 - DATE AND TIME OF LATEST TRANSACTION
- control field: 20210628204305.0
008 - FIXED-LENGTH DATA ELEMENTS
- fixed length control field: 210628|| aca||aabn | a|a d
040 ## - CATALOGING SOURCE
- Original cataloging agency: NUST
- Transcribing agency: NUST
100 ## - HEADING--PERSONAL NAME
- Personal name: SAGHEER KHAN
670 ## - SOURCE DATA FOUND
- Source citation: Work cat.: (NUST): SAGHEER KHAN, TH-SOF-1622-Communication between UAV Swarm and Ground Control Station for Real Time Surveillance, 2019
